LEADER 05398nam 2200637 a 450 001 9910463177303321 005 20200520144314.0 010 $a1-84969-501-6 035 $a(CKB)2670000000355655 035 $a(EBL)1137583 035 $a(SSID)ssj0000906167 035 $a(PQKBManifestationID)12460444 035 $a(PQKBTitleCode)TC0000906167 035 $a(PQKBWorkID)10927147 035 $a(PQKB)10748291 035 $a(OCoLC)849934072 035 $a(MiAaPQ)EBC1137583 035 $a(PPN)228037778 035 $a(Au-PeEL)EBL1137583 035 $a(CaPaEBR)ebr10695790 035 $a(CaONFJC)MIL485772 035 $a(OCoLC)842885317 035 $a(EXLCZ)992670000000355655 100 $a20150303d2013 uy 0 101 0 $aeng 135 $aur|n|---||||| 181 $ctxt 182 $cc 183 $acr 200 10$aAppcelerator Titanium application development by example beginner's guide$b[electronic resource] $eover 30 interesting recipes to help you create cross-platform apps with Titanium, and explore the new features in Titanium 3 /$fDarren Cope 210 $aBirmingham, U.K. $cPackt Publishing$dc2013 215 $a1 online resource (334 p.) 300 $a"Learn by doing : less theory, more results"--Cover. 300 $aIncludes index. 311 $a1-84969-500-8 327 $aCover; Copyright; Credits; About the Author; About the Reviewers; www.PacktPub.com; Table of Contents; Preface; Chapter 1: How to Get Up and Running with Titanium; System requirements and restrictions; Installing Titanium; Time for action - installing Titanium Studio; Setting up Titanium Studio; Time for action - setting up Titanium Studio; Installing the Android SDK; Time for action - configuring the Android SDK; Installing the iOS SDK; Time for action - configuring the iOS SDK; Installation problems - did something go wrong?; Your first cross-platform app 327 $aTime for action - creating an app from a templateTime for action - running an app in the emulator; Did the app fail to run?; A review of the first app; tiapp.xml; tiapp XML structure explained; Other files in the base directory; The Resources directory; app.js; KS_nav_ui.png and KS_nav_views.png; The android and iphone directories; Summary; Chapter 2: How to Make an Interface; What's in the toolkit?; A recap; Window; Tab group and tabs; Creating a tab group; Creating a tab; Labels; Views; Time for action - adding a view to a window; Time for action - adding a button to a view 327 $aTime for action - making something happen when the button is pressedAdding a settings screen - a TableView masterclass; Time for action - adding a new window; Time for action - adding a styled TableViewRow object; Platform-specific tools; Add an Android menu; Time for action - adding an Android menu; Time for action - running the Android menu changes on iOS; Why did this fail?; Isolating platform-specific code; Time for action - add an iOS fix for the Android menu; Capturing debug messages; Coding iOS specific elements; Time for action - add an info button to the navigation bar; Summary 327 $aChapter 3: How to Design Titanium AppsJSON; Extending your app over multiple files; Titanium.include; Time for action - creating an activity indicator; Require; Require - loading a marketplace module; Time for action - adding an Appcelerator marketplace module; Require - promoting commonJS compliant code; MVC; Time for action - creating a better designed app using MVC; Behind the scenes - a look at the code; What does this mean?; An example of require; Alloy; Time for action - creating an Alloy app; Summary; Chapter 4: Gluing Your App Together with Events, Variables, and Callbacks 327 $aSharing dataExecution context; Global variables; What is the right way to share data?; Time for action - sharing information between windows; Events; Event scope; Event properties; Making something happen - fireEvent; Time for action - creating a progress bar game; Global event listeners and garbage collection; Better event code using callbacks; Summary; Chapter 5: It's All About Data; External data; Time for action - creating an HTTP request; RSS reader; Time for action - fetching RSS; Time for action - parsing and displaying the RSS; Storing data on the device; Which one should you use 327 $afilesystem, database, or properties? 330 $aAppcelerator Titanium Application Development by Example Beginner's Guide is an example-driven tour of the language that guides you through all the stages of app design. The style is relaxed and friendly whilst remaining concise and structured.If you are new to this technology or curious about the possibilities of Appcelerator Titanium then this book is for you. If you are a web developer who is looking for a way to craft cross-platform apps, then this book and the Titanium language is the choice for you. 606 $aApplication software 606 $aMobile computing$xProgramming 608 $aElectronic books. 615 0$aApplication software. 615 0$aMobile computing$xProgramming. 676 $a005.365 700 $aCope$b Darren$0922700 801 0$bMiAaPQ 801 1$bMiAaPQ 801 2$bMiAaPQ 906 $aBOOK 912 $a9910463177303321 996 $aAppcelerator Titanium application development by example beginner's guide$92070512 997 $aUNINA LEADER 04637oam 2200493I 450 001 9910968083903321 005 20251107162039.0 010 $a90-04-38156-2 024 7 $a10.1163/9789004381568 035 $a(CKB)4100000007177174 035 $a(MiAaPQ)EBC5606093 035 $a(nllekb)BRILL9789004381568 035 $a(EXLCZ)994100000007177174 100 $a20170829d2017 uy 0 101 0 $aeng 135 $aurcnu|||||||| 181 $ctxt$2rdacontent 182 $cc$2rdamedia 183 $acr$2rdacarrier 200 10$aNavigating History: Economy, Society, Knowledge, and Nature $eEssays in Honour of Prof. Dr. C.A. Davids /$fPepijn Brandon, Go Sabine, Verstegen Wybren 210 1$aLeiden,$aBoston :$cBRILL,$d2018. 215 $a1 online resource (353 pages) 225 0 $aLibrary of Economic History ;$vv. 11 300 $aIncludes index. 311 08$a90-04-38155-4 320 $aIncludes bibliographical references and index. 327 $tFront Matter --$tCopyright --$tContents --$tIllustrations --$tNotes on Contributors --$tPreface --$tDavids and Goliath: How Books Helped to Combat Historians? Adversaries /$rMarjolein ?t Hart and Jan Lucassen --$tResources of Knowledge, Cultures of Learning --$tReligion, Culture, and the Great Enrichment /$rJoel Mokyr --$tWandering about the Learning Market: Early Modern Apprenticeship in Antwerp Gold- and Silversmith Ateliers /$rBert De Munck and Raoul De Kerf --$tEducating World Citizens: The Rise of International Education in the Twenty-first Century /$rPál Nyíri --$tInstitutions for a Global Economy --$tA Changing Landscape: Institutions and Institutional Change in the Dutch Economy /$rJeroen Touwen --$tSocial Partnership in the Northern Netherlands (1985-?) /$rMarijn Molema --$tChasing Whales, Crossing Oceans --$tZaanse Jonas: Zaan Whaling and Shipbuilding in the Seventeenth Century /$rVictor Enthoven --$tKeeping Risk at Bay: Risk Management and Insurance in Eighteenth-century Dutch Whaling /$rSabine Go and Jaap Bruijn --$tFiguring Out Global and Local Relations: Cantonese Face-makers and their Sitters in the 18th Century /$rJoost C.A. Schokkenbroek --$tChains of Profit, Chains of Labour --$tChasing the Delfland: Slave Revolts, Enslavement, and (Private) VOC Networks in Early Modern Asia /$rMatthias van Rossum --$t?With the Power of Language and the Force of Reason?: An Amsterdam Banker?s Fight for Slave Owners? Compensation /$rPepijn Brandon and Karin Lurvink --$tUp and Down the Chain: Sugar Refiners? Responses to Changing Food Regimes /$rUlbe Bosma --$tHumans and their Natural Environment --$tEnlightened Ideas in Commemoration Books of the 1825 Zuiderzee Flood in the Netherlands /$rPetra J.E.M. van Dam and Harm Pieters --$tSecret and Stillborn: A Dutch Fiscal Bill from 1947 to Protect Both Nature and Monuments on Dutch Estates /$rWybren Verstegen --$tBirds in Texel in 1910 and the Shifting Baseline Syndrome /$rJan Luiten van Zanden --$tBack Matter --$tIndex. 330 $aIn Navigating History: Economy, Society, Knowledge, and Nature the contributors present new research that touches on the core themes developed in Karel Davids?s work. The book reflects Davids?s omnivorous character as a scholar. Nevertheless, there are common strands that run throughout the introduction and fourteen chapters gathered here. Major themes include resources of knowledge, cultures of learning, and humans and their natural environment. Together, these fourteen essays provide a fascinating panorama of social, economic, and environmental history of the past millennium. The book seeks to bring back the different levels of geographical scope, fusing the local, the national and the global. Contributors are: Ulbe Bosma, Pepijn Brandon, Jaap Bruijn, Petra van Dam, Victor Enthoven, Sabine Go, Marjolein ?t Hart, Raoul De Kerf, Jan Lucassen, Karin Lurvink, Joel Mokyr, Marijn Molema, Bert de Munck, Pál Nyiri, Harm Pieters, Matthias van Rossum, Joost Schokkenbroek, Jeroen Touwen, Wybren Verstegen, and Jan Luiten van Zanden. 410 0$aLibrary of Economic History$v11. 606 $aEconomic assistance, Chinese 607 $aNetherlands$xEconomic conditions 607 $aNetherlands$xSocial conditions 607 $aNetherlands$xHistory 615 0$aEconomic assistance, Chinese. 676 $a330.9492 702 $aBrandon$b Pepijn 702 $aSabine$b Go 702 $aWybren$b Verstegen 801 0$bNL-LeKB 801 1$bNL-LeKB 906 $aBOOK 912 $a9910968083903321 996 $aNavigating History: Economy, Society, Knowledge, and Nature$94453827 997 $aUNINA LEADER 05878oam 2201213 c 450 001 9910831836603321 005 20260302090207.0 010 $a9783732855278 010 $a3732855279 010 $a9783839455272 010 $a3839455278 024 7 $a10.14361/9783839455272 035 $a(CKB)5450000000014868 035 $a(DE-B1597)567720 035 $a(DE-B1597)9783839455272 035 $a(OCoLC)1233040913 035 $a(MiAaPQ)EBC6765781 035 $a(Au-PeEL)EBL6765781 035 $a(transcript Verlag)9783839455272 035 $a(MiAaPQ)EBC6956258 035 $a(Au-PeEL)EBL6956258 035 $a(MiAaPQ)EBC30591638 035 $a(Au-PeEL)EBL30591638 035 $a(ScCtBLL)1eff1549-9eb1-4b66-a66a-4d043963dfa8 035 $a(Perlego)1984304 035 $a(EXLCZ)995450000000014868 100 $a20260302d2020 uy 0 101 0 $ager 135 $aur||||||||||| 181 $ctxt$2rdacontent 182 $cc$2rdamedia 183 $acr$2rdacarrier 200 10$aPop-Musik sammeln$eZehn ethnografische Tracks zwischen Plattenladen und Streamingportal$fChristian Elster 205 $a1st ed. 210 $aBielefeld$ctranscript Verlag$d2020 215 $a1 online resource (238 p.) 225 0 $aStudien zur Popularmusik 327 $aFrontmatter 1 Tracklist 5 Intro 7 1. Pop als Feld 19 2. Sto?bern 37 3. Im Plattenladen 55 4. Vinyl 73 5. Ordnen 91 6. Die Biografie einer Spice Girls-CD 109 7. iPod 123 8. Der Sammler als (Anti-)Figur 143 9. Spotify 161 10. Aussortieren 179 Hidden Track 199 Literatur- und Quellenverzeichnis 217 Dank 235 330 $aStreamingdienste, Vinylflohmärkte, die verstaubte CD-Sammlung ? nie gab es so viele Möglichkeiten auf Musik zuzugreifen wie heute. In Form ethnografischer Tracks zeigt Christian Elster, was Musiksammeln zwischen Plattenladen und Onlinediensten für Menschen bedeuten kann. Hierfür beleuchtet er Praktiken, Artefakte, Orte, Diskurse und Figuren des Sammelns und zeigt auf, dass die technisch grundierte und sinnliche Praxis wesentlich auf das Selbstverständnis vieler Menschen Einfluss nimmt. Sammeln kann deshalb als Alltagskompetenz verstanden werden, die in physischen und digitalen Umgebungen individuelle Ordnungen und sinnstiftende Wegmarken schafft. 330 1 $a»Die Studie liefert eine gelungene Beschreibung zeitgenössischer Kultur, die weit über das Thema Sammeln hinausgeht. Sie bereichert die jüngere Popkulturforschung um eine alltagsnahe Perspektive auf Musik und Kultur und die empirischen Kulturwissenschaften um einen popkulturell vorbildlich informierten Ansatz.« 330 1 $a»Christian Elster [legt] einen lesenswerten und relevanten Beitrag zum breiten kulturwissenschaftlichen Forschungsfeld Popkultur vor, der mit seinem akteur:innenzentrierten Ansatz erkenntnisreiche Impulse liefert.« 330 1 $a»Zu einem Zeitpunkt, an dem herkömmliche Verständnisse des Sammelns weitgehend überkommen scheinen, aktualisiert Elster diesen Begriff für den Pop-Musik-Zusammenhang und rehabilitiert ihn für weitere kulturanalytische Forschungen.« 330 1 $a»Das Buch ist inhaltlich wie formal gelungen, man kann dem Autor zu seinem Werk nur gratulieren. Die Lektüre ist für Forschende und Lehrende genauso gewinnbringend wie für Studierende; es eignet sich in hohem Maße für den Einsatz in der akademischen Lehre.« 330 1 $a»?Pop-Musik? sammeln gibt wissenschaftliche Einblicke in die Natur des Musiksammelns, lässt jedoch dank der eingeflochtenen Interviews genug Identifikationspotential mit den unterschiedlichen Archetypen des Sammlers zu. Dadurch wird das Buch auch für den nicht aus dem wissenschaftlichen Kontext kommenden Leser interessant.« 330 1 $aBesprochen in:http://latrash.de, Christel WeiherDie Presse, 06.02.2021, Cornelia GrobnerOx Fanzine, 155/2 (2021), Kay Wernerhttps://pop-zeitschrift.de, 19.04.2021 330 1 $a»Klug, aber nahbar.« 330 1 $a»Es ist weit mehr, als ein Buch über nerdige Plattensammler. Es ist ein Buch darüber, wie wir uns in der Popmoderne selber verstehen.« 410 0$aStudien Zur Popularmusik 517 2 $aElster, Pop-Musik sammeln$eZehn ethnografische Tracks zwischen Plattenladen und Streamingportal 606 $aPop 606 $aMusik 606 $aMusic 606 $aSammeln 606 $aCollecting 606 $aVinyl 606 $aStreaming 606 $aEthnografie 606 $aEthnography 606 $aMedien 606 $aMedia 606 $aEveryday Practice 606 $aAlltagspraxis 606 $aOrdnung 606 $aOrder 606 $aSelbstverständnis 606 $aPopular Culture 606 $aPopkultur 606 $aPop Music 606 $aPopmusik 606 $aCultural Studies 606 $aMusicology 606 $aMusikwissenschaft 615 4$aPop 615 4$aMusik 615 4$aMusic 615 4$aSammeln 615 4$aCollecting 615 4$aVinyl 615 4$aStreaming 615 4$aEthnografie 615 4$aEthnography 615 4$aMedien 615 4$aMedia 615 4$aEveryday Practice 615 4$aAlltagspraxis 615 4$aOrdnung 615 4$aOrder 615 4$aSelbstverständnis 615 4$aPopular Culture 615 4$aPopkultur 615 4$aPop Music 615 4$aPopmusik 615 4$aCultural Studies 615 4$aMusicology 615 4$aMusikwissenschaft 686 $aLC 87000$2rvk 700 $aElster$b Christian$p

Christian Elster, Universität Wien, Österreich

$4aut$01204807 712 02$aSNF$4fnd$4http://id.loc.gov/vocabulary/relators/fnd 801 0$bDE-B1597 801 1$bDE-B1597 906 $aBOOK 912 $a9910831836603321 996 $aPop-Musik sammeln$92780553 997 $aUNINA